[Event "ISL-chT2 1718"]
[Site "Reykjavik"]
[Date "2018.03.03"]
[Round "6.4"]
[White "Arnason, Ragnar"]
[Black "Briem, Stefan"]
[Result "0-1"]
[WhiteElo "1371"]
[BlackElo "2094"]
[PlyCount "46"]
[EventDate "2017.10.20"]
[EventType "team-tourn"]
[EventRounds "7"]
[EventCountry "ISL"]
[SourceTitle "EXT 2019"]
[Source "ChessBase"]
[SourceDate "2018.10.10"]
[SourceVersion "1"]
[SourceVersionDate "2018.10.10"]
[SourceQuality "1"]
[WhiteTeam "Hauka"]
[BlackTeam "Reykjavik III"]
[WhiteTeamCountry "ISL"]
[BlackTeamCountry "ISL"]

1. e4 e5 2. Bc4 Nf6 3. d3 Nc6 4. c3 d6 5. Ne2 Be7 6. 0-0 0-0 7. f4 d5 8. Bb5 dxe4 9. Bxc6 exd3 10. fxe5 dxe2 11. Qxe2 bxc6 12. exf6 Bc5+ 13. Kh1 Re8 14. Qf3 Qxf6 15. Qxf6 gxf6 16. b4 Ba6 17. Rd1 Be2 18. Re1 Bf2 19. Rg1 Rad8 20. Nd2 Bxg1 21. Kxg1 Bh5 22. h3 Re1+ 23. Kh2 Rxd2 0-1

[Event "ISL-chT2 1718"]
[Site "Reykjavik"]
[Date "2017.10.21"]
[Round "3.2"]
[White "Briem, Stefan"]
[Black "Sigurmundsson, Ulfhedinn"]
[Result "1-0"]
[WhiteElo "2094"]
[BlackElo "1902"]
[PlyCount "69"]
[EventDate "2017.10.20"]
[EventType "team-tourn"]
[EventRounds "7"]
[EventCountry "ISL"]
[SourceTitle "CBM 181 Extra"]
[Source "ChessBase"]
[SourceDate "2017.12.12"]
[SourceVersion "1"]
[SourceVersionDate "2017.12.12"]
[SourceQuality "1"]
[WhiteTeam "Reykjavik II"]
[BlackTeam "Selfoss"]
[WhiteTeamCountry "ISL"]
[BlackTeamCountry "ISL"]

1. f4 d5 2. Nf3 c5 3. e3 Nf6 4. d4 Nc6 5. c3 cxd4 6. exd4 g6 7. Nbd2 Bg7 8. Bd3 Qc7 9. Ne5 Nxe5 10. fxe5 Nd7 11. 0-0 Nb6 12. Nf3 0-0 13. Qe1 Bg4 14. Qh4 Qd7 15. Bh6 f6 16. Bxg7 Kxg7 17. Rae1 Rae8 18. h3 Bf5 19. Bxf5 Qxf5 20. g4 Qd3 21. e6 g5 22. Qf2 Nc4 23. b3 Nd6 24. Re3 Qg6 25. Nd2 Rc8 26. Rc1 f5 27. Qg2 Ne4 28. gxf5 Qxf5 29. Rf1 Qg6 30. Rxf8 Kxf8 31. Nxe4 dxe4 32. d5 b5 33. c4 bxc4 34. bxc4 Rxc4 35. Qf1+ 1-0

[Event "ISL-chT 1516"]
[Site "Reykjavik"]
[Date "2015.09.27"]
[Round "5.2"]
[White "Briem, Stefan"]
[Black "Edvardsson, Kristjan"]
[Result "0-1"]
[WhiteElo "2142"]
[BlackElo "2211"]
[PlyCount "82"]
[EventDate "2015.09.24"]
[EventType "team-tourn"]
[EventRounds "9"]
[EventCountry "ISL"]
[SourceTitle "EXT 2017"]
[Source "ChessBase"]
[SourceDate "2016.10.25"]
[SourceVersion "1"]
[SourceVersionDate "2016.10.25"]
[SourceQuality "1"]
[WhiteTeam "Reykjavik II"]
[BlackTeam "Huginn II"]
[WhiteTeamCountry "ISL"]
[BlackTeamCountry "ISL"]

1. e4 d6 2. d4 Nf6 3. Nc3 g6 4. Nf3 Bg7 5. h3 0-0 6. Be3 b6 7. Qd2 Bb7 8. Bd3 c5 9. 0-0-0 Nc6 10. d5 Nb4 11. Be2 Re8 12. a3 Na6 13. g4 Nc7 14. g5 Nd7 15. h4 b5 16. h5 a5 17. Nxb5 Nxb5 18. Bxb5 Ba6 19. Bxa6 Rxa6 20. c3 Rb6 21. hxg6 hxg6 22. Qc2 Qc7 23. Nd2 Reb8 24. Nc4 Ne5 25. Nxb6 Qxb6 26. Rd2 Qb5 27. a4 Qc4 28. f4 Ng4 29. Rd3 Qxe4 30. Re1 Nxe3 31. Rdxe3 Qxf4 32. Qe4 Be5 33. Kb1 Qxg5 34. Ka2 Kg7 35. Rh1 f5 36. Qf3 Kf6 37. Re2 Kg7 38. Qh3 Qf4 39. b3 c4 40. b4 axb4 41. Rg2 Rg8 0-1

[Event "ISL-chT 1314"]
[Site "Reykjavik"]
[Date "2013.10.12"]
[Round "3.3"]
[White "Briem, Stefan"]
[Black "Van Kampen, Robin"]
[Result "0-1"]
[WhiteElo "2156"]
[BlackElo "2607"]
[PlyCount "72"]
[EventDate "2013.10.10"]
[EventType "team-tourn"]
[EventRounds "9"]
[EventCountry "ISL"]
[SourceTitle "EXT 2014"]
[Source "ChessBase"]
[SourceDate "2013.11.20"]
[SourceVersion "1"]
[SourceVersionDate "2013.11.20"]
[SourceQuality "1"]
[WhiteTeam "Reykjavik II"]
[BlackTeam "Hellir"]
[WhiteTeamCountry "ISL"]
[BlackTeamCountry "ISL"]

1. e4 c5 2. Nc3 Nc6 3. Nf3 e6 4. Bb5 Nge7 5. 0-0 a6 6. Bxc6 Nxc6 7. d3 Be7 8. a4 0-0 9. Ne2 d5 10. Kh1 b6 11. Bf4 Bb7 12. exd5 Qxd5 13. Nc3 Qf5 14. Bc7 Nd4 15. Ng1 e5 16. f3 Qe6 17. a5 b5 18. Bb6 Rac8 19. Nce2 Nf5 20. Qd2 Qg6 21. Nh3 Bd6 22. Rae1 h6 23. Nc3 Rfe8 24. Ne4 Be7 25. Qf2 c4 26. dxc4 Rxc4 27. c3 Bxe4 28. Rxe4 Rxe4 29. fxe4 Nd6 30. Ng1 Nxe4 31. Qe2 Bc5 32. Nf3 Ng3+ 33. hxg3 Qh5+ 34. Nh2 Qxe2 35. Bxc5 Qxb2 36. Bb4 e4 0-1

[Event "ISL-chT 1011"]
[Site "Reykjavik"]
[Date "2011.03.05"]
[Round "7.4"]
[White "Ragnarsson, Dagur"]
[Black "Briem, Stefan"]
[Result "1/2-1/2"]
[WhiteElo "1625"]
[BlackElo "2169"]
[PlyCount "84"]
[EventDate "2010.10.08"]
[EventType "team-tourn"]
[EventRounds "9"]
[EventCountry "ISL"]
[SourceTitle "EXT 2012"]
[Source "ChessBase"]
[SourceDate "2011.11.24"]
[SourceVersion "1"]
[SourceVersionDate "2011.11.24"]
[SourceQuality "1"]
[WhiteTeam "Fjolnir"]
[BlackTeam "TR"]
[WhiteTeamCountry "ISL"]
[BlackTeamCountry "ISL"]

1. c4 e5 2. g3 d6 3. Bg2 f5 4. e3 Nf6 5. Ne2 Be7 6. 0-0 0-0 7. f4 c6 8. d4 e4 9. Nd2 a5 10. h3 Na6 11. a3 Nc7 12. b3 b5 13. cxb5 cxb5 14. Nc3 b4 15. axb4 axb4 16. Rxa8 Nxa8 17. Na4 Ba6 18. Rf2 Qc7 19. Bf1 Bxf1 20. Qxf1 Rc8 21. Qc4+ Kf8 22. Bb2 Qd7 23. Qe2 Rc2 24. Qd1 Qc6 25. Nc4 Rxf2 26. Kxf2 Nc7 27. Qc1 Nfd5 28. Ncb6 Qxc1 29. Bxc1 Ke8 30. Bd2 g5 31. fxg5 Bxg5 32. h4 Bf6 33. Nc4 Kd7 34. Nab6+ Nxb6 35. Nxb6+ Kc6 36. Nc4 Nd5 37. Ke1 h5 38. Kf2 Be7 39. Ke1 Kb5 40. Nb2 Nf6 41. Nd1 Ng4 42. Nf2 Nxf2 1/2-1/2

[Event "ISL-chT 0910"]
[Site "Reykjavik"]
[Date "2010.03.05"]
[Round "5"]
[White "Briem, Stefan"]
[Black "Gretarsson, Andri Ass"]
[Result "0-1"]
[WhiteElo "2180"]
[BlackElo "2328"]
[PlyCount "76"]
[EventDate "2009.09.25"]
[EventType "team-tourn"]
[EventRounds "7"]
[EventCountry "ISL"]
[SourceTitle "EXT 2011"]
[Source "ChessBase"]
[SourceDate "2010.11.26"]
[SourceVersion "1"]
[SourceVersionDate "2010.11.26"]
[SourceQuality "1"]

1. f4 c5 2. Nf3 d5 3. e3 Nf6 4. d4 Nc6 5. c3 Qb6 6. Bd3 Ne4 7. 0-0 Bg4 8. Qe1 Bxf3 9. Rxf3 e6 10. Nd2 Nf6 11. Kh1 g6 12. b3 Be7 13. a4 cxd4 14. exd4 Rc8 15. Bb2 a6 16. b4 Kf8 17. a5 Qc7 18. Nb3 Kg7 19. Qe2 Bd6 20. Raf1 h5 21. Bc1 Ne7 22. Bd2 Nf5 23. Be1 Qc6 24. Nd2 Rh6 25. Rh3 Qc7 26. Rhf3 Rch8 27. Nb3 h4 28. Nc5 Nh5 29. Bxf5 gxf5 30. Nd3 Nf6 31. Ne5 Ne4 32. Rh3 Be7 33. c4 f6 34. Nf3 Qxc4 35. Qxc4 dxc4 36. Nd2 Rd8 37. Nxe4 fxe4 38. Bc3 f5 0-1

[Event "Reykjavik op"]
[Site "Reykjavik"]
[Date "1994.??.??"]
[Round "1"]
[White "Stefansson, Hannes"]
[Black "Briem, Stefan"]
[Result "1-0"]
[WhiteElo "2525"]
[BlackElo "2205"]
[PlyCount "41"]
[EventDate "1994.02.??"]
[EventType "swiss"]
[EventRounds "9"]
[EventCountry "ISL"]
[SourceTitle "CBM 039 Extra"]
[Source "ChessBase"]
[SourceDate "1994.05.01"]
[SourceVersion "1"]
[SourceVersionDate "1994.05.01"]
[SourceQuality "1"]

1. e4 e5 2. Nf3 Nc6 3. Bb5 f5 4. Bxc6 dxc6 5. Nc3 Nf6 6. Qe2 Bd6 7. d4 exd4 8. e5 dxc3 9. exf6+ Kd7 10. 0-0 Qxf6 11. Bg5 Qe6 12. Qd3 cxb2 13. Rae1 Qd5 14. Qc3 Rf8 15. Qxb2 c5 16. Ne5+ Bxe5 17. Rxe5 Qd4 18. Qb5+ c6 19. Re7+ Kd6 20. Qe2 h6 21. Bf4+ 1-0

[Event "Reykjavik op"]
[Site "Reykjavik"]
[Date "1990.??.??"]
[Round "2"]
[White "Becx, Cesar"]
[Black "Briem, Stefan"]
[Result "0-1"]
[WhiteElo "2300"]
[BlackElo "2215"]
[PlyCount "80"]
[EventDate "1990.03.??"]
[EventType "swiss"]
[EventRounds "11"]
[EventCountry "ISL"]
[SourceTitle "CBM 018 Extra"]
[Source "ChessBase"]
[SourceDate "1990.11.01"]
[SourceVersion "1"]
[SourceVersionDate "1990.11.01"]
[SourceQuality "1"]

1. f4 d5 2. Nf3 g6 3. g3 c5 4. Bg2 Nc6 5. 0-0 Bg7 6. d3 f5 7. Nc3 d4 8. Na4 Qd6 9. c4 Bd7 10. a3 Rb8 11. Rb1 b5 12. cxb5 Rxb5 13. Nd2 Na5 14. Qc2 Nf6 15. b4 cxb4 16. axb4 Nb7 17. Nc4 Qc7 18. Nc5 Nxc5 19. bxc5 0-0 20. Rxb5 Bxb5 21. Ne5 e6 22. Qb3 Bd7 23. Nxd7 Qxd7 24. c6 Qf7 25. Ba3 Re8 26. Qb7 Nd5 27. Bxd5 exd5 28. c7 Qe6 29. Bd6 Qe3+ 30. Rf2 Qc1+ 31. Kg2 h5 32. Be5 Bxe5 33. fxe5 h4 34. Qxd5+ Kf8 35. Qd6+ Re7 36. Qf6+ Ke8 37. Qh8+ Kd7 38. gxh4 Qxc7 39. Qf6 Qxe5 40. Qxg6 Rg7 0-1

[Event "Reykjavik op"]
[Site "Reykjavik"]
[Date "1988.??.??"]
[Round "?"]
[White "Bjarnason, Saevar"]
[Black "Briem, Stefan"]
[Result "1-0"]
[WhiteElo "2335"]
[BlackElo "2225"]
[PlyCount "81"]
[EventDate "1988.02.??"]
[EventType "swiss"]
[EventRounds "11"]
[EventCountry "ISL"]
[SourceTitle "TD"]
[Source "ChessBase"]
[SourceDate "1994.03.01"]
[SourceVersion "1"]
[SourceVersionDate "1994.03.01"]
[SourceQuality "1"]

1. Nf3 f5 2. b3 d6 3. d4 Nf6 4. Bb2 g6 5. g3 Bg7 6. Bg2 0-0 7. 0-0 c6 8. Nbd2 a5 9. a4 Na6 10. Ne1 d5 11. Nd3 Be6 12. e3 Ne4 13. Nf3 Rc8 14. Nf4 Bf7 15. Ne5 Bxe5 16. dxe5 e6 17. Ba3 Re8 18. Nd3 b6 19. f3 Nec5 20. Nxc5 Nxc5 21. Qd2 Nb7 22. Rad1 Qc7 23. e4 Qxe5 24. f4 Qc7 25. exf5 gxf5 26. Bb2 c5 27. Be5 Nd6 28. g4 Qd7 29. Qf2 Bg6 30. Qh4 Nf7 31. Bf6 d4 32. c3 d3 33. gxf5 exf5 34. c4 Re4 35. Ba1 Rc6 36. Qg3 Kf8 37. Rxd3 Qe6 38. Kh1 Rc8 39. Bxe4 fxe4 40. Rd5 Nh6 41. f5 1-0

[Event "Reykjavik op"]
[Site "Reykjavik"]
[Date "1988.??.??"]
[Round "?"]
[White "Halldorsson, Bragi"]
[Black "Briem, Stefan"]
[Result "1-0"]
[WhiteElo "2260"]
[BlackElo "2225"]
[PlyCount "77"]
[EventDate "1988.02.??"]
[EventType "swiss"]
[EventRounds "11"]
[EventCountry "ISL"]
[SourceTitle "TD"]
[Source "ChessBase"]
[SourceDate "1994.03.01"]
[SourceVersion "1"]
[SourceVersionDate "1994.03.01"]
[SourceQuality "1"]

1. d4 d6 2. e4 Nf6 3. Nc3 g6 4. f3 Bg7 5. Be3 0-0 6. Bc4 Nbd7 7. Nge2 c6 8. Bb3 e5 9. Qd2 a6 10. a4 a5 11. 0-0 Qc7 12. Rad1 Ne8 13. f4 exd4 14. Bxd4 Bxd4+ 15. Nxd4 Nc5 16. Ba2 Bg4 17. Rde1 Be6 18. Nxe6 fxe6 19. f5 gxf5 20. exf5 d5 21. Qd4 b6 22. fxe6 Rxf1+ 23. Rxf1 Nxe6 24. Nxd5 cxd5 25. Qxd5 Qc8 26. Qxe6+ Qxe6 27. Bxe6+ Kg7 28. Rf7+ Kg6 29. Rb7 Nf6 30. Rxb6 Rd8 31. Rb5 Kg7 32. h3 Rd2 33. Bf5 h5 34. Bd3 h4 35. Rxa5 Kh6 36. Rf5 Nh5 37. Rf2 Rd1+ 38. Rf1 Rd2 39. a5 1-0

[Event "Reykjavik op"]
[Site "Reykjavik"]
[Date "1988.??.??"]
[Round "?"]
[White "Jonasson, Benedikt"]
[Black "Briem, Stefan"]
[Result "0-1"]
[WhiteElo "2345"]
[BlackElo "2225"]
[PlyCount "94"]
[EventDate "1988.02.??"]
[EventType "swiss"]
[EventRounds "11"]
[EventCountry "ISL"]
[SourceTitle "TD"]
[Source "ChessBase"]
[SourceDate "1994.03.01"]
[SourceVersion "1"]
[SourceVersionDate "1994.03.01"]
[SourceQuality "1"]

1. Nf3 f5 2. c4 Nf6 3. Nc3 e6 4. g3 d5 5. d4 c6 6. Bg2 Bd6 7. 0-0 0-0 8. Ne5 Nbd7 9. cxd5 exd5 10. Nd3 Ne4 11. f3 Nxc3 12. bxc3 Qe7 13. Nf2 Nb6 14. e4 Be6 15. e5 Ba3 16. Nd3 Nc4 17. Bxa3 Qxa3 18. Nc5 Bc8 19. Qb3 b6 20. Nd3 Qxb3 21. axb3 Nd2 22. Rf2 Nxb3 23. Ra3 Na5 24. Rfa2 Be6 25. f4 Kf7 26. Nb4 Rfc8 27. h3 Ke7 28. Nd3 Rc7 29. Bf3 Nc4 30. Rb3 a5 31. Be2 Bc8 32. Rb1 Ba6 33. Kf2 Bb5 34. g4 g6 35. Rg1 Rf8 36. Kf3 c5 37. dxc5 bxc5 38. Rb1 Ba6 39. Nf2 Ra8 40. gxf5 gxf5 41. Bd3 Ke6 42. Rba1 Rca7 43. Rg1 Nb6 44. Rg5 Bxd3 45. Nxd3 Nd7 46. Rh5 Rg8 47. Rxh7 Nxe5+ 0-1

[Event "Reykjavik op"]
[Site "Reykjavik"]
[Date "1988.??.??"]
[Round "?"]
[White "Palsson, Bogi"]
[Black "Briem, Stefan"]
[Result "0-1"]
[WhiteElo "2020"]
[BlackElo "2225"]
[PlyCount "80"]
[EventDate "1988.02.??"]
[EventType "swiss"]
[EventRounds "11"]
[EventCountry "ISL"]
[SourceTitle "TD"]
[Source "ChessBase"]
[SourceDate "1994.03.01"]
[SourceVersion "1"]
[SourceVersionDate "1994.03.01"]
[SourceQuality "1"]

1. d4 f5 2. c4 Nf6 3. Nc3 e6 4. g3 d5 5. Bg2 c6 6. cxd5 exd5 7. Nf3 Bd6 8. 0-0 0-0 9. Ne1 Be6 10. Nd3 Nbd7 11. Qb3 Qb6 12. Qxb6 axb6 13. Bf4 Bxf4 14. Nxf4 Bf7 15. Rfe1 Rfe8 16. e3 Ne4 17. Rec1 Ra7 18. Bf1 Rea8 19. a3 b5 20. Na2 Kf8 21. Rc2 Ke7 22. Re1 Nd6 23. Nb4 Nf6 24. f3 g5 25. Nfd3 Nc4 26. Nf2 Kd6 27. Bxc4 bxc4 28. e4 fxe4 29. fxe4 dxe4 30. Rce2 Bd5 31. Na2 Re8 32. Nc3 b5 33. Nfxe4+ Nxe4 34. Nxe4+ Bxe4 35. Rxe4 Rxe4 36. Rxe4 c3 37. bxc3 Rxa3 38. c4 bxc4 39. Re5 Rd3 40. Rxg5 Rxd4 0-1

[Event "Reykjavik Open"]
[Site "Reykjavik"]
[Date "1982.02.??"]
[Round "?"]
[White "Briem, Stefan"]
[Black "Hoi, Carsten"]
[Result "0-1"]
[WhiteElo "2290"]
[BlackElo "2425"]
[PlyCount "110"]
[EventDate "1982.02.??"]
[EventType "swiss"]
[EventRounds "11"]
[EventCountry "ISL"]
[SourceTitle "MCD"]
[Source "ChessBase"]
[SourceDate "1999.07.01"]
[SourceVersion "1"]
[SourceVersionDate "1999.07.01"]
[SourceQuality "1"]

1. e4 d6 2. d4 Nf6 3. Nc3 g6 4. f4 Bg7 5. Nf3 0-0 6. Be2 c5 7. dxc5 Qa5 8. 0-0 Qxc5+ 9. Kh1 Nbd7 10. Nd2 a6 11. Nb3 Qc7 12. Be3 b5 13. a3 Bb7 14. Bf3 Rac8 15. Qe1 e5 16. Rd1 exf4 17. Bxf4 Ne5 18. Qg3 Rfe8 19. Rf2 Rcd8 20. Bg5 h6 21. Bxf6 Bxf6 22. Be2 Qe7 23. Qe3 Bh4 24. Rff1 Bg5 25. Qb6 Rb8 26. Qxd6 Qxd6 27. Rxd6 Nc4 28. Bxc4 bxc4 29. Nc5 Be7 30. Nxb7 Rxb7 31. Rxa6 Rxb2 32. Nd5 Rxc2 33. Rc6 Bg5 34. h4 Bxh4 35. Rc7 Rf8 36. Ne3 Re2 37. Rf3 Bg5 38. Nxc4 Rxe4 39. Kg1 Bf4 40. Rc6 Rfe8 41. g3 Bb8 42. a4 Re2 43. a5 Ra2 44. Rf1 Ba7+ 45. Nb6 Rxa5 46. Kg2 Re2+ 47. Kf3 Rea2 48. Ke4 Bxb6 49. Rxb6 R2a4+ 50. Ke3 Re5+ 51. Kd3 Re7 52. Rb3 Kg7 53. Rf3 h5 54. Re3 Rxe3+ 55. Kxe3 h4 0-1

[Event "Reykjavik Open"]
[Site "Reykjavik"]
[Date "1982.02.??"]
[Round "?"]
[White "Briem, Stefan"]
[Black "Westerinen, Heikki MJ"]
[Result "0-1"]
[WhiteElo "2290"]
[BlackElo "2440"]
[PlyCount "70"]
[EventDate "1982.02.??"]
[EventType "swiss"]
[EventRounds "11"]
[EventCountry "ISL"]
[SourceTitle "MCD"]
[Source "ChessBase"]
[SourceDate "1999.07.01"]
[SourceVersion "1"]
[SourceVersionDate "1999.07.01"]
[SourceQuality "1"]

1. e4 e5 2. f4 exf4 3. Nf3 d6 4. d4 g5 5. h4 g4 6. Ng1 Nf6 7. Nc3 Nh5 8. Nd5 Be7 9. Bxf4 Bxh4+ 10. Kd2 c6 11. Rxh4 Qxh4 12. Nc7+ Kd7 13. Bxd6 Kxd6 14. Nxa8 Qf2+ 15. Ne2 Ng3 16. e5+ Ke7 17. Qe1 Nxf1+ 18. Qxf1 Qxf1 19. Rxf1 Na6 20. Nf4 Be6 21. Rh1 Rxa8 22. Rxh7 Nc7 23. b3 Rd8 24. c3 c5 25. Ne2 cxd4 26. cxd4 b5 27. g3 Nd5 28. Rh1 b4 29. Nc1 a5 30. Rh2 Bf5 31. Rf2 Bb1 32. Ke1 Ne3 33. Rb2 Bf5 34. Ne2 Nc2+ 35. Kf2 Nxd4 0-1